000 01143nam1a22002531i 4500
001 rc\1177036
005 20240921105224.0
035 _a(NLR Aleph) 006432118
090 _a5557575
_c5557575
100 _a20041129d1980 u |0rusy50 ca
101 0 _arus
102 _aRU
105 _ay |||||||||
200 1 _aЭлементы программирования на языке Ассемблера ЕС ЭВМ
_e(Учеб. пособие)
210 _aАлма-Ата
_cКазГУ
_d1980
215 _d20
300 _aВ надзаг.: М-во высш. и сред. спец. образования КазССР, Каз. гос. ун-т им. С.М. Кирова. Фак. механики и прикл. математики. Каф. мат. обеспечения ЭВМ
700 1 _aГольденгорин
_bБ.И.
_gБорис Исаакович
701 1 _4070
_7ca
_8rus
_aЕфимов
_bА. К.
_cканд. физ.-мат. наук
_gАнатолий Константинович
_9264462
_3RU\NLR\AUTH\770264518
801 0 _aRU
_bNLR
_gpsbo
801 1 _aRU
_bELAR
_2rusmarc
852 _aNLR
_j81-4/14060
942 _cBOOK